000 00844nam a2200241 a 4500
001 000027299
003 DO-SdBNP
005 20240302073957.0
007 ta
008 110331s1975 dr 000 0 spa d
040 _aDO-SdBNP
_bspa
_cBNPHU
082 4 _a923.57293
_bG633di
_222
100 1 _aGómez, Máximo,
_d1836-1905
_912249
245 1 0 _aDiario de campaña de Máximo Gómez, 1868 -1899 /
_cMáximo Gómez.
260 _aSanto Domingo :
_bAlfa y Omega,
_c1975.
300 _a409 p. ;
_c20 cm.
590 _aInventariado, 2020/ YL
600 1 0 _aGómez, Máximo,
_d1836-1905
_vCorrespondencias, memorias, etc.
_912249
651 4 _aCuba
_xHistoria
_yGuerra de los diez años, 1868-1878
_911018
651 4 _aCuba
_xHistoria
_yGuerra de independencia, 1895-1898
_911019
910 _aValidado. Control de calidad MMOLINA
942 _2ddc
_cLBS1
999 _c26791
_d26791